00888nam a22002297a 4500999001700000003000900017008004100026040007100067082002100138100001900159245004900178260004300227300002800270440004300298505010500341650002700446650002200473650002500495942001600520945002100536952010100557 c18166d18166AR-CdUCM190513b ||||| |||| 00| 0 spa d aMUNICIPALIDAD PROVINCIAL DEL CUSCOcBIBLIOTECA MUNICIPAL DEL CUSCO a989.042 /bSO715 aSosa, Jesualdo aArtigas :bdel vasallaje a la revolución / aBuenos Aires :bEdit. Claridad,c1940. a575 páginas ;c20 cm. aBiblioteca de obras famosasn46938604 aContenido: Antecedentes -- José Artigas: Vaqueria, contrabando y blandengues -- La revolución... aAmérica Latina91130 aRevolución9844 aEstado social923761 2ddccLIBROS adavvd2019-05-13 002ddc4070aSHbSHcCARTd2019-05-13g40.00o989.042 / SO715pSH0000013357r2019-05-13yLIBROS